000 01020nam0a22002771 4500
001 rc\4296000
005 20250612041515.0
021 _aRU
_b[65-39671]
035 _a(NLR Aleph) 008498685
090 _a8095003
_c8095003
100 _a20130416d1965 |||y0rusy50 ca
101 0 _arus
102 _aRU
105 _aa z |||||
200 1 _aРождение узбекского кино
_fПод ред. д-ра искусствоведения С.С. Гинзбурга
_gМ-во культуры УзССР. Ин-т искусствознания им. Хамзы
210 _aТашкент
_cНаука
_d1965
215 _a124 с.
_cил.
_d21
320 _aФильмогр.: с. 117-122
606 _aКино в Узбекской ССР
_xИстория
_2psbo
700 1 _aАбул-Касымова
_bХ.Н.
_gХанджара Насыровна
702 1 _aГинзбург
_bС.С.
_4340
801 0 _aRU
_bNLR
_gpsbo
801 1 _aRU
_bELAR
_2rusmarc
852 _aNLR
_j65-5/2580
942 _cBOOK
980 _aNB